[Event "Bayerische EM 2023 - Allgemeine Gruppe"]
[Site "Rosenheim"]
[Date "2023.08.24"]
[Round "7.2"]
[White "Goldbeck, Lars"]
[Black "Lohvinov, Petro"]
[Result "1-0"]
[WhiteElo "2260"]
[BlackElo "2237"]
[PlyCount "79"]
[EventDate "2023.??.??"]
[WhiteTeam "SGem Aschheim/Feldkirchen/Kirchh"]
[BlackTeam "SK München Südost e.V."]

1. d4 Nf6 2. Nf3 g6 3. Nbd2 Bg7 4. e4 d6 5. Bd3 Nc6 6. O-O O-O 7. Re1 e5 8. c3
Nh5 9. Nb3 h6 10. Be3 Qf6 11. h3 Nf4 12. Bb5 Nb8 13. Nc1 a6 14. Ba4 g5 15. Bxf4
exf4 16. Nd3 Nc6 17. Bc2 Re8 18. b4 h5 19. h4 g4 20. Ng5 Bd7 21. Bb3 Nd8 22. e5
Qf5 23. Bc2 Bb5 24. Qd2 Bxd3 25. Bxd3 Qd7 26. Qxf4 dxe5 27. Bh7+ Kh8 28. dxe5
Ne6 29. Nxe6 Qxe6 30. Bc2 Kg8 31. Rad1 Rad8 32. Rxd8 Rxd8 33. Bb3 Qe7 34. e6
Kf8 35. g3 Bxc3 36. Qh6+ Bg7 37. Qxh5 Rd4 38. Re3 f6 39. Qg6 Rxb4 40. Qf7+ 1-0

[Event "Bayerische EM 2023 - Allgemeine Gruppe"]
[Site "Rosenheim"]
[Date "2023.08.24"]
[Round "7.3"]
[White "Böhme, Markus"]
[Black "Schulz, Lukas"]
[Result "0-1"]
[WhiteElo "2144"]
[BlackElo "2347"]
[PlyCount "106"]
[EventDate "2023.??.??"]
[WhiteTeam "SC Uttenreuth e.V."]
[BlackTeam "SC Erlangen 48/88"]

1. e4 d5 2. exd5 Nf6 3. Nf3 Nxd5 4. d4 Nc6 5. c4 Nb6 6. Nc3 Bg4 7. d5 Ne5 8. c5
Nbd7 9. c6 bxc6 10. dxc6 Nxc6 11. Qa4 Bxf3 12. gxf3 Nce5 13. Bf4 Nxf3+ 14. Ke2
Nh4 15. Nd5 Rc8 16. Rc1 e5 17. Bxe5 Qg5 18. f4 Qg4+ 19. Kd2 Nf3+ 20. Ke3 Nfxe5
21. Nxc7+ Rxc7 22. Rxc7 Bc5+ 23. Rxc5 Qf3+ 24. Kd2 O-O 25. Rc3 Qxh1 26. fxe5
Nxe5 27. Be2 Qxh2 28. Re3 h5 29. Qb5 Ng4 30. Re8 Qf4+ 31. Kc3 g6 32. Rxf8+ Kxf8
33. Qc5+ Kg8 34. Qxa7 Qe5+ 35. Kd2 Qxb2+ 36. Kd3 Ne5+ 37. Ke3 Qc3+ 38. Kf2 h4
39. Qa8+ Kg7 40. Qg2 Qd4+ 41. Kf1 Qa1+ 42. Kf2 Qxa2 43. Qe4 Qa7+ 44. Kg2 Qe7
45. Kh3 g5 46. Qf5 Qd7 47. Qxd7 Nxd7 48. Kg4 Kf6 49. Bd1 Ne5+ 50. Kh3 Kf5 51.
Be2 Kf4 52. Bd1 g4+ 53. Kxh4 Nf3+ 0-1

[Event "Bayerische EM 2023 - Allgemeine Gruppe"]
[Site "Rosenheim"]
[Date "2023.08.24"]
[Round "7.4"]
[White "Böhme, Sebastian"]
[Black "Kolb, Tobias"]
[Result "1-0"]
[WhiteElo "2215"]
[BlackElo "2302"]
[PlyCount "59"]
[EventDate "2023.??.??"]
[WhiteTeam "SC Uttenreuth e.V."]
[BlackTeam "SC 1868 Bamberg"]

1. e4 c6 2. Nf3 d5 3. d3 dxe4 4. dxe4 Qxd1+ 5. Kxd1 Nf6 6. Nfd2 g5 7. a4 Rg8 8.
Nc3 h5 9. a5 Be6 10. Bc4 Nbd7 11. Bxe6 fxe6 12. Nc4 g4 13. Be3 h4 14. Ke2 Nh5
15. h3 g3 16. f4 Bh6 17. Rhf1 Rf8 18. f5 Bxe3 19. Kxe3 exf5 20. Rxf5 Rxf5 21.
exf5 Kf7 22. Rd1 Nhf6 23. Rd4 Rh8 24. Kf4 Rh5 25. b4 b5 26. axb6 axb6 27. b5
cxb5 28. Nxb5 Rh8 29. Kf3 Rc8 30. Nbd6+ 1-0

[Event "Bayerische EM 2023 - Allgemeine Gruppe"]
[Site "Rosenheim"]
[Date "2023.08.24"]
[Round "7.5"]
[White "Schlichtmann, Robin"]
[Black "Kocak, Ediz"]
[Result "0-1"]
[WhiteElo "2277"]
[BlackElo "2134"]
[PlyCount "52"]
[EventDate "2023.??.??"]
[WhiteTeam "SC Garching 1980 e.V."]
[BlackTeam "SGem 1882 Fürth"]

1. e4 c5 2. Nf3 Nc6 3. d4 cxd4 4. Nxd4 e6 5. Nc3 Qc7 6. Be3 a6 7. a3 Nf6 8. g4
h5 9. Nxc6 Qxc6 10. gxh5 Nxe4 11. Nxe4 Qxe4 12. Rg1 Qe5 13. h6 Rxh6 14. Qd2 Bc5
15. O-O-O Bxe3 16. Qxe3 Qxe3+ 17. fxe3 g6 18. Rg2 d5 19. Rgd2 Bd7 20. e4 Bc6
21. exd5 Bxd5 22. c4 Bf3 23. Be2 Bxe2 24. Rxe2 Rd8 25. Rxd8+ Kxd8 26. Kc2 Rh3
0-1

[Event "Bayerische EM 2023 - Allgemeine Gruppe"]
[Site "Rosenheim"]
[Date "2023.08.24"]
[Round "7.6"]
[White "Schmid, Roland"]
[Black "Vollnhals, Michael"]
[Result "1-0"]
[WhiteElo "2212"]
[BlackElo "2006"]
[PlyCount "99"]
[EventDate "2023.??.??"]
[WhiteTeam "SG Post/Süd Regensburg"]
[BlackTeam "TSV Grossmehring"]

1. c4 Nf6 2. Nc3 d5 3. cxd5 Nxd5 4. Nf3 g6 5. h4 h5 6. Qb3 Nb6 7. Ng5 e6 8. d3
Nc6 9. Nge4 Nd4 10. Qd1 e5 11. Bg5 Be7 12. Bxe7 Qxe7 13. e3 Ne6 14. Be2 Bd7 15.
Nd2 Bc6 16. Nf3 Ng7 17. Qc2 Nf5 18. a3 O-O 19. b4 a6 20. Rc1 Rfe8 21. Ne4 Bxe4
22. dxe4 Nd6 23. O-O Rac8 24. Rfd1 Nd7 25. Ng5 Kg7 26. a4 f6 27. Nf3 Nf8 28. g3
Ne6 29. Nd2 Rcd8 30. Nb3 c6 31. Bc4 Nxc4 32. Qxc4 Rxd1+ 33. Rxd1 Rd8 34. Rxd8
Nxd8 35. Nc5 Qd6 36. a5 g5 37. hxg5 fxg5 38. Qc3 Kg6 39. Nd3 Nf7 40. f4 gxf4
41. exf4 exf4 42. e5 Qe7 43. e6 Nd8 44. Nxf4+ Kf5 45. Qd3+ Kg4 46. Qe4 Qd6 47.
Nh3+ Kxg3 48. Qg2+ Kh4 49. Qg5+ Kxh3 50. Qxh5+ 1-0

[Event "Bayerische EM 2023 - Allgemeine Gruppe"]
[Site "Rosenheim"]
[Date "2023.08.24"]
[Round "7.7"]
[White "Kerkhoff, Jan"]
[Black "Maurer, Jochen"]
[Result "0-1"]
[WhiteElo "1940"]
[BlackElo "2184"]
[PlyCount "64"]
[EventDate "2023.??.??"]
[WhiteTeam "SC Unterhaching e.V."]
[BlackTeam "SG Pang-Rosenheim 1910 e.V."]

1. e4 c5 2. Nc3 e6 3. g3 d5 4. Bg2 Nf6 5. e5 Nfd7 6. f4 Nc6 7. Nf3 Be7 8. O-O
Rb8 9. d4 b5 10. a3 a5 11. Ne2 b4 12. g4 Qb6 13. Kh1 Ba6 14. axb4 axb4 15. dxc5
Bxc5 16. Nfg1 O-O 17. Rf3 Ra8 18. Bd2 f6 19. exf6 Nxf6 20. Bh3 Ne4 21. Be1 Nd4
22. Nxd4 Bxd4 23. Bg3 Bxb2 24. Rb1 Nc3 25. Qe1 Nxb1 26. Qxb1 Bd4 27. Qd1 Bc4
28. Ne2 Ra1 29. Nc1 Be3 30. Rxe3 Qxe3 31. Kg2 Rxc1 32. Qf3 Rg1# 0-1

[Event "Bayerische EM 2023 - Allgemeine Gruppe"]
[Site "Rosenheim"]
[Date "2023.08.24"]
[Round "7.8"]
[White "Schatz, Christian"]
[Black "Stöttner, Lukas"]
[Result "1/2-1/2"]
[WhiteElo "2153"]
[BlackElo "2066"]
[PlyCount "57"]
[EventDate "2023.??.??"]
[WhiteTeam "SC Postbauer-Heng e.V"]
[BlackTeam "SK Landau-Dingolfing"]

1. Nf3 Nc6 2. c4 Nf6 3. Nc3 d6 4. g3 g6 5. Bg2 Bg7 6. O-O O-O 7. d4 a6 8. d5
Na5 9. Nd2 c5 10. Qc2 Rb8 11. b3 b5 12. Bb2 h5 13. cxb5 axb5 14. Nde4 Ng4 15.
h3 Nh6 16. e3 Nf5 17. Ne2 Bxb2 18. Qxb2 b4 19. Nf4 c4 20. bxc4 Nxc4 21. Qb3 Ne5
22. Nd3 Nxd3 23. Qxd3 Bd7 24. Rfb1 Rb6 25. a3 bxa3 26. Rxa3 Qb8 27. Rab3 Rxb3
28. Qxb3 Qxb3 29. Rxb3 1/2-1/2

[Event "Bayerische EM 2023 - Allgemeine Gruppe"]
[Site "Rosenheim"]
[Date "2023.08.24"]
[Round "7.9"]
[White "Willim, Michael"]
[Black "Fuchs, Florian"]
[Result "1/2-1/2"]
[WhiteElo "2119"]
[BlackElo "2096"]
[PlyCount "29"]
[EventDate "2023.??.??"]
[WhiteTeam "SC Erlangen 48/88"]
[BlackTeam "DJK SF Haselbach"]

1. c4 c5 2. Nc3 Nc6 3. g3 g6 4. Bg2 Bg7 5. a3 d6 6. Rb1 a5 7. Nf3 e5 8. O-O
Nge7 9. Ne1 Be6 10. d3 d5 11. cxd5 Nxd5 12. Nxd5 Bxd5 13. Bxd5 Qxd5 14. Nc2 h5
15. h4 1/2-1/2

[Event "Bayerische EM 2023 - Allgemeine Gruppe"]
[Site "Rosenheim"]
[Date "2023.08.24"]
[Round "7.10"]
[White "Arnhold, Steffi"]
[Black "Heidrich, Manfred"]
[Result "1-0"]
[WhiteElo "2110"]
[BlackElo "2332"]
[PlyCount "57"]
[EventDate "2023.??.??"]
[WhiteTeam "SC Bavaria Regensburg von 1881 e"]
[BlackTeam "SC Forchheim e.V."]

1. e4 c5 2. Nf3 Nf6 3. e5 Nd5 4. Nc3 e6 5. Ne4 Nc6 6. c4 Nc7 7. Nd6+ Bxd6 8.
exd6 Na6 9. d4 cxd4 10. a3 e5 11. b4 Qf6 12. Bd3 Qxd6 13. c5 Nxc5 14. bxc5 Qxc5
15. O-O Qe7 16. Re1 d6 17. h3 O-O 18. a4 h6 19. Ba3 Be6 20. Nxe5 Qc7 21. Nf3
Rfd8 22. Rc1 Qa5 23. Bc2 Rac8 24. Qd3 Kf8 25. Qh7 Qc3 26. Rxe6 fxe6 27. Bg6 Ne7
28. Rxc3 dxc3 29. Nd4 1-0

[Event "Bayerische EM 2023 - Allgemeine Gruppe"]
[Site "Rosenheim"]
[Date "2023.08.24"]
[Round "7.11"]
[White "Stichter, Constantin Paul"]
[Black "Albert, Markus"]
[Result "*"]
[WhiteElo "1921"]
[BlackElo "2256"]
[PlyCount "186"]
[EventDate "2023.??.??"]
[WhiteTeam "SG Traunstein/Traunreut e.V."]
[BlackTeam "SC Ansbach 1855 e.V."]

1. g3 h5 2. h4 e5 3. Bg2 Na6 4. d3 c6 5. Nf3 Nf6 6. Nxe5 Qa5+ 7. Nc3 Qxe5 8. d4
Qb8 9. e4 d6 10. O-O Be7 11. f4 Ng4 12. e5 O-O 13. Ne4 Rd8 14. Qf3 Bf5 15. c3
Nc7 16. b3 d5 17. Nd2 Ne6 18. Bb2 c5 19. c4 Nc7 20. Rad1 cxd4 21. cxd5 Nxd5 22.
Bxd4 Nb4 23. Ne4 Nc6 24. Bc3 Bxe4 25. Qxe4 Bc5+ 26. Kh1 Rxd1 27. Be1 Qc7 28. e6
Ne3 29. Bh3 Re8 30. Qf3 Ra1 31. Qxh5 Nxf1 32. Kg2 Rxe1 33. Qxc5 R1xe6 34. h5
Re5 35. Be6 Rxh5 36. a3 Rxc5 37. Kh1 Rc2 38. Bxf7+ Kh8 39. Bg8 Qb6 40. Bh7 Qg1+
41. Kxg1 Kxh7 42. b4 Nxg3 43. f5 Nxf5 44. a4 Nxb4 45. a5 Nc6 46. Kf1 Nxa5 47.
Kg1 b5 48. Kf1 Re1+ 49. Kxe1 b4 50. Kd1 b3 51. Ke1 b2 52. Kd1 b1=N 53. Kxc2
Na3+ 54. Kc1 g5 55. Kd1 Nb5 56. Kc1 g4 57. Kb1 g3 58. Kc1 g2 59. Kb1 g1=N 60.
Ka1 Ne7 61. Kb1 Nc7 62. Kc1 Nb7 63. Kd1 Nh3 64. Ke1 Nf4 65. Kf1 Nfg6 66. Kg1 a5
67. Kh1 a4 68. Kh2 a3 69. Kh3 a2 70. Kh2 a1=N 71. Kh1 Nc2 72. Kg1 Nb4 73. Kh1
Nba6 74. Kg1 Nf8 75. Kh1 Ne8 76. Kg1 Nd8 77. Kh1 Nc8 78. Kg1 Nb8 79. Kf1 Kg6
80. Ke2 Kf5 81. Kd3 Ke5 82. Kc4 Nfe6 83. Kc3 Ned6 84. Kd3 Ndc6 85. Ke3 Nb6 86.
Kd3 Nd5 87. Ke2 Nd7 88. Kf3 Ncd4+ 89. Kg3 Ne4+ 90. Kg4 N7f6+ 91. Kh4 Ne3 92.
Kh3 Nf4+ 93. Kh4 Nf3# *

[Event "Bayerische EM 2023 - Allgemeine Gruppe"]
[Site "Rosenheim"]
[Date "2023.08.24"]
[Round "7.12"]
[White "Lang, Zalan Andreas"]
[Black "Dietlmeier, Tobias"]
[Result "1-0"]
[WhiteElo "2221"]
[BlackElo "1885"]
[PlyCount "77"]
[EventDate "2023.??.??"]
[WhiteTeam "SAbt TSV Haunstetten"]
[BlackTeam "TV Tegernsee"]

1. d4 Nf6 2. c4 g6 3. Nc3 d5 4. Nf3 Bg7 5. Bf4 a6 6. e3 c5 7. dxc5 Qa5 8. Nd2
Be6 9. Nb3 Qd8 10. Nd4 Nc6 11. Nxe6 fxe6 12. Be2 Rc8 13. O-O O-O 14. cxd5 exd5
15. Bf3 e5 16. Bg5 d4 17. Ne4 Qa5 18. Qb3+ Kh8 19. Bxf6 Bxf6 20. Qxb7 dxe3 21.
fxe3 Be7 22. Bg4 Rc7 23. Rxf8+ Bxf8 24. Qa8 Kg7 25. Ng5 Bxc5 26. Ne6+ Kh6 27.
Nxc7 Bxe3+ 28. Kh1 Qxc7 29. Re1 Nd4 30. h4 Nf5 31. Bxf5 gxf5 32. Qxa6+ Bb6 33.
Qd3 e4 34. Qd2+ e3 35. Rxe3 Bxe3 36. Qxe3+ f4 37. Qf3 Qe5 38. Qg4 f3 39. Qg5+
1-0

[Event "Bayerische EM 2023 - Allgemeine Gruppe"]
[Site "Rosenheim"]
[Date "2023.08.24"]
[Round "7.13"]
[White "Uebele, Peter"]
[Black "Sesselmann, Christoph"]
[Result "1/2-1/2"]
[WhiteElo "2168"]
[BlackElo "2020"]
[PlyCount "60"]
[EventDate "2023.??.??"]
[WhiteTeam "SC Waldkraiburg"]
[BlackTeam "SK 1907 Kulmbach"]

1. d4 Nf6 2. Nf3 g6 3. c4 Bg7 4. Nc3 d5 5. Qb3 dxc4 6. Qxc4 O-O 7. e4 Nc6 8.
Be2 Bg4 9. Be3 Bxf3 10. Bxf3 e5 11. d5 Nd4 12. O-O-O Nd7 13. Ne2 c5 14. dxc6
Rc8 15. Kb1 Nb6 16. Qd3 Rxc6 17. Nxd4 exd4 18. e5 Rc7 19. Qxd4 Rd7 20. Qe4 Re8
21. Rxd7 Qxd7 22. Qxb7 Qd3+ 23. Ka1 Bxe5 24. Bc1 Rb8 25. Qe4 Qxe4 26. Bxe4 Na4
27. Bc2 Nxb2 28. Bb3 Nc4+ 29. Kb1 Na5 30. Bb2 Bxb2 1/2-1/2

[Event "Bayerische EM 2023 - Allgemeine Gruppe"]
[Site "Rosenheim"]
[Date "2023.08.24"]
[Round "7.14"]
[White "Kamenskyi, Dmytro"]
[Black "Kessler, Jan"]
[Result "1/2-1/2"]
[WhiteElo "2030"]
[BlackElo "2094"]
[PlyCount "116"]
[EventDate "2023.??.??"]
[WhiteTeam "SK Kriegshaber"]
[BlackTeam "SC Unterhaching e.V."]

1. e4 c5 2. Nf3 g6 3. d4 cxd4 4. Nxd4 Nc6 5. Nc3 Bg7 6. Be3 Nf6 7. Nxc6 bxc6 8.
e5 Ng8 9. Bd4 Qa5 10. Bc4 Bxe5 11. O-O Nh6 12. Re1 Bxd4 13. Qxd4 O-O 14. Rxe7
d5 15. Bxd5 Nf5 16. Qe5 cxd5 17. Nxd5 Qd8 18. Rd1 Qxe7 19. Nxe7+ Nxe7 20. Qxe7
Bg4 21. f3 Bf5 22. Rd2 Rfe8 23. Qc5 h5 24. c4 Rac8 25. Qd4 Re1+ 26. Kf2 Rc1 27.
b3 a5 28. Qf6 a4 29. Rd8+ Rxd8 30. Qxd8+ Kg7 31. Qd4+ Kg8 32. g4 hxg4 33. fxg4
Rc2+ 34. Kg3 Be6 35. bxa4 Rxc4 36. Qd1 Rc3+ 37. Kf4 Rc4+ 38. Kg3 Rc3+ 39. Kf2
Ra3 40. Qd4 Rxa2+ 41. Kg3 Kh7 42. Qb4 Rc2 43. h3 Rc4 44. Qa3 Bd7 45. a5 Ra4 46.
Qc5 Be6 47. Kh4 Kh6 48. Qb5 Ra3 49. a6 Kh7 50. Qf1 Kg7 51. Kg5 Ra5+ 52. Kf4
Ra4+ 53. Ke5 Bc4 54. Qf6+ Kh7 55. Qc6 Ra5+ 56. Kf4 Bxa6 57. Qc7 Ra4+ 58. Kg3
Bc4 1/2-1/2

[Event "Bayerische EM 2023 - Allgemeine Gruppe"]
[Site "Rosenheim"]
[Date "2023.08.24"]
[Round "7.15"]
[White "Ziemann, Ulrich"]
[Black "Becker, Tobias"]
[Result "1/2-1/2"]
[WhiteElo "1921"]
[BlackElo "2111"]
[PlyCount "146"]
[EventDate "2023.??.??"]
[WhiteTeam "SC Bad Kötzting e.V."]
[BlackTeam "Kronacher SK 1882 e.V."]

1. d4 d5 2. c4 c6 3. Nf3 Nf6 4. Nc3 dxc4 5. e4 b5 6. a4 b4 7. Na2 a5 8. Bxc4
Nxe4 9. Ne5 e6 10. Qf3 Nd6 11. O-O Qf6 12. Be2 Bb7 13. Be3 Be7 14. Nc1 O-O 15.
Nb3 Qxf3 16. Bxf3 f6 17. Nd3 Ba6 18. Nbc5 Bc4 19. b3 Bd5 20. Bxd5 exd5 21. Rac1
Kf7 22. Rfe1 g5 23. f3 Ra7 24. Bf2 Re8 25. g4 Bf8 26. Rxe8 Nxe8 27. Bg3 Bd6 28.
Kg2 Re7 29. Kf2 Bxg3+ 30. hxg3 Nd6 31. Ne1 Kg6 32. Ned3 Kf7 33. Rh1 Kg7 34. Rc1
Kf8 35. Rh1 Nd7 36. Nxd7+ Rxd7 37. Rc1 Rc7 38. Nc5 Kf7 39. Rh1 Kg6 40. Re1 Kf7
41. Rh1 Ke8 42. Rc1 h6 43. Na6 Rc8 44. Rh1 Nf7 45. Re1+ Kf8 46. Re6 Kg7 47. Nc5
Rc7 48. Re8 Kh7 49. Ra8 Nd6 50. Rxa5 f5 51. gxf5 Nxf5 52. Ne6 Re7 53. g4 Rxe6
54. gxf5 Re7 55. Ra8 h5 56. Rc8 Rf7 57. Rxc6 Rxf5 58. Ke3 h4 59. Rc1 Rf6 60.
Rg1 Kh6 61. Kf2 Rc6 62. Re1 Rc3 63. Re3 h3 64. Re8 Rxb3 65. Kg3 Ra3 66. Rd8
Rxa4 67. Rxd5 b3 68. Rb5 Rxd4 69. Kxh3 Rd3 70. Kg4 Rd4+ 71. Kg3 Rd3 72. Kg4
Rd4+ 73. Kg3 Rd3 1/2-1/2

[Event "Bayerische EM 2023 - Allgemeine Gruppe"]
[Site "Rosenheim"]
[Date "2023.08.24"]
[Round "7.16"]
[White "Gold, Florian"]
[Black "Krämer, Max"]
[Result "1/2-1/2"]
[WhiteElo "1851"]
[BlackElo "2044"]
[PlyCount "83"]
[EventDate "2023.??.??"]
[WhiteTeam "SK Kelheim 1920"]
[BlackTeam "SK Caissa Augsburg"]

1. d4 e6 2. c4 b6 3. Nc3 Bb7 4. e4 Bb4 5. f3 f5 6. exf5 Nh6 7. fxe6 Nf5 8. Nh3
Qh4+ 9. g3 Qxd4 10. Qxd4 Nxd4 11. Kf2 Nc2 12. Bd3 Nxa1 13. exd7+ Nxd7 14. Ng5
O-O 15. Bxh7+ Kh8 16. Bf4 Bxc3 17. bxc3 Nc5 18. Rxa1 Rad8 19. Re1 Rfe8 20.
Rxe8+ Rxe8 21. Bxc7 Ne6 22. Nxe6 Kxh7 23. Ng5+ Kg6 24. f4 Rc8 25. Be5 Rxc4 26.
a3 Ra4 27. Bd6 Ra5 28. Ke3 Rd5 29. Bf8 Rd1 30. h4 Rg1 31. h5+ Kxh5 32. Bxg7
Rxg3+ 33. Kd4 Kg6 34. Be5 Kf5 35. Nf7 Ba6 36. Nd6+ Kg4 37. Kd5 Rd3+ 38. Ke6
Rxd6+ 39. Kxd6 Bc4 40. Kc7 b5 41. Kb7 a5 42. Kb6 1/2-1/2

[Event "Bayerische EM 2023 - Allgemeine Gruppe"]
[Site "Rosenheim"]
[Date "2023.08.24"]
[Round "7.17"]
[White "Fuchs, Michael"]
[Black "Bratu, Mircea"]
[Result "1/2-1/2"]
[WhiteElo "1988"]
[BlackElo "1891"]
[PlyCount "73"]
[EventDate "2023.??.??"]
[WhiteTeam "DJK SF Haselbach"]
[BlackTeam "SG Schwabing München Nord e.V."]

1. e4 e5 2. Nf3 Nc6 3. d4 exd4 4. Bc4 Bc5 5. Ng5 Nh6 6. Nxf7 Nxf7 7. Bxf7+ Kxf7
8. Qh5+ g6 9. Qxc5 d6 10. Qb5 d5 11. O-O dxe4 12. Bg5 a6 13. Qb3+ Be6 14. Qg3
Qd6 15. Bf4 Qd5 16. Nd2 Rhe8 17. c4 Qf5 18. Bxc7 Kg8 19. Rfe1 Bf7 20. f3 e3 21.
Ne4 Bxc4 22. Nd6 Qe6 23. Nxe8 Rxe8 24. b3 Bd5 25. Qd6 d3 26. Qxe6+ Rxe6 27. Bf4
e2 28. Rac1 Nb4 29. Rc5 b6 30. Rc8+ Kf7 31. Rc7+ Re7 32. Rxe7+ Kxe7 33. Bd2 Nc2
34. Kf2 Nxe1 35. Bxe1 a5 36. Ke3 a4 37. Kxd3 1/2-1/2

[Event "Bayerische EM 2023 - Allgemeine Gruppe"]
[Site "Rosenheim"]
[Date "2023.08.24"]
[Round "7.18"]
[White "Kaiser, Richard"]
[Black "Luhn, Robert"]
[Result "0-1"]
[WhiteElo "2053"]
[BlackElo "1977"]
[PlyCount "64"]
[EventDate "2023.??.??"]
[WhiteTeam "SK Passau 1869"]
[BlackTeam "SK Caissa Augsburg"]

1. e4 c5 2. Nc3 d6 3. f4 Nf6 4. Nf3 g6 5. Bc4 Bg7 6. d3 Nc6 7. e5 dxe5 8. fxe5
Ng4 9. e6 f5 10. Bf4 O-O 11. h3 a6 12. Qd2 b5 13. hxg4 bxc4 14. Ng5 fxg4 15.
Nxh7 Rf5 16. Ng5 cxd3 17. O-O-O Nb4 18. a3 Qa5 19. cxd3 Bxc3 20. bxc3 Qxa3+ 21.
Qb2 Na2+ 22. Kc2 Qa4+ 23. Qb3 Qxf4 24. Nf7 Rf6 25. Rh8+ Kg7 26. Rdh1 Rxe6 27.
R8h7+ Kf6 28. Nd8 Re2+ 29. Kb1 Rb8 30. Rf7+ Kg5 31. Rxf4 Rxb3+ 32. Ka1 Kxf4 0-1

[Event "Bayerische EM 2023 - Allgemeine Gruppe"]
[Site "Rosenheim"]
[Date "2023.08.24"]
[Round "7.19"]
[White "Brunner, Tobias"]
[Black "Huber, Benedikt"]
[Result "1-0"]
[WhiteElo "1999"]
[BlackElo "1971"]
[PlyCount "73"]
[EventDate "2023.??.??"]
[WhiteTeam "SC Windischeschenbach"]
[BlackTeam "SK Kelheim 1920"]

1. e4 c6 2. d4 d5 3. e5 Bf5 4. Bd3 Bxd3 5. Qxd3 e6 6. f4 c5 7. c3 Nc6 8. Nf3
Qb6 9. O-O cxd4 10. cxd4 Nge7 11. Nc3 Nf5 12. Kh1 h5 13. Nxd5 Qd8 14. Nc3 Nfxd4
15. Nxd4 Qxd4 16. Qf3 Be7 17. Be3 Qd7 18. Rad1 Qc8 19. Ne4 g6 20. Bc5 Bxc5 21.
Nxc5 O-O 22. Nd7 Rd8 23. Nf6+ Kf8 24. Qa3+ Kg7 25. Qg3 Kf8 26. Qg5 Nd4 27. Rc1
Qb8 28. Rfd1 b5 29. Rc3 Qb7 30. Rcd3 Rac8 31. f5 exf5 32. Rxd4 Rxd4 33. Rxd4
Kg7 34. Nxh5+ Kh7 35. Nf6+ Kg7 36. Rh4 Qc6 37. Qh6# 1-0

[Event "Bayerische EM 2023 - Allgemeine Gruppe"]
[Site "Rosenheim"]
[Date "2023.08.24"]
[Round "7.20"]
[White "Mazatis, Benjamin"]
[Black "Bunk, Wolfgang"]
[Result "0-1"]
[WhiteElo "1731"]
[BlackElo "1983"]
[PlyCount "36"]
[EventDate "2023.??.??"]
[WhiteTeam "SK Bruckmühl e.V."]
[BlackTeam "SC Bavaria Regensburg von 1881 e"]

1. d4 Nf6 2. c4 g6 3. Nc3 Bg7 4. e4 d6 5. Nf3 O-O 6. Be2 e5 7. Be3 Ng4 8. Bg5
f6 9. Bc1 Nc6 10. O-O f5 11. dxe5 Ngxe5 12. Nd4 Nxd4 13. Qxd4 Nf3+ 14. Bxf3
Bxd4 15. Nd5 fxe4 16. Bxe4 Bf5 17. Bf3 c6 18. Nf4 Qf6 0-1

[Event "Bayerische EM 2023 - Allgemeine Gruppe"]
[Site "Rosenheim"]
[Date "2023.08.24"]
[Round "7.21"]
[White "Mönius, Alexander"]
[Black "Steinhauer, Artur"]
[Result "0-1"]
[WhiteElo "1909"]
[BlackElo "1953"]
[PlyCount "80"]
[EventDate "2023.??.??"]
[WhiteTeam "SC Höchstadt/Aisch"]
[BlackTeam "SC Bavaria Regensburg von 1881 e"]

1. c4 c6 2. Nf3 d5 3. e3 Nf6 4. b3 Bf5 5. Nc3 e6 6. Be2 h6 7. O-O Be7 8. Bb2
O-O 9. d4 Nbd7 10. Bd3 Bxd3 11. Qxd3 Qb6 12. Nd2 Rfd8 13. c5 Qc7 14. f4 b6 15.
b4 a5 16. a3 Rdb8 17. Qc2 Ng4 18. Rfe1 f5 19. g3 b5 20. h3 Ngf6 21. Nb3 a4 22.
Nd2 Ne4 23. Ndxe4 dxe4 24. Kf2 Nf6 25. Rh1 Kf7 26. Rag1 Rg8 27. h4 g5 28. hxg5
hxg5 29. Ke1 Rg7 30. Kd2 Rag8 31. Qd1 Ke8 32. Ne2 Nd5 33. Rh6 gxf4 34. gxf4
Rxg1 35. Nxg1 Nxf4 36. Kc2 Rg2+ 37. Kb1 Ng6 38. Qh5 Rxg1+ 39. Ka2 Qd7 40. Rh8+
Bf8 0-1

[Event "Bayerische EM 2023 - Allgemeine Gruppe"]
[Site "Rosenheim"]
[Date "2023.08.24"]
[Round "7.22"]
[White "Biedenkopf, Philipp"]
[Black "Sesselmann, Moritz"]
[Result "1/2-1/2"]
[WhiteElo "1978"]
[BlackElo "1697"]
[PlyCount "57"]
[EventDate "2023.??.??"]
[WhiteTeam "SK Passau 1869"]
[BlackTeam "SK 1907 Kulmbach"]

1. Nf3 d5 2. e3 Nf6 3. c4 e6 4. b3 c5 5. Bb2 Nc6 6. cxd5 exd5 7. Bb5 Bd6 8. O-O
O-O 9. d4 cxd4 10. Nxd4 Bd7 11. Be2 Re8 12. Nd2 a6 13. N2f3 Rc8 14. Nxc6 Bxc6
15. Nd4 Bd7 16. Qd3 Ne4 17. Rad1 Be6 18. g3 Bh3 19. Rfe1 Qf6 20. Bf3 Be5 21.
Qe2 Re7 22. Rc1 Rec7 23. Rxc7 Rxc7 24. Bg2 Bxg2 25. Kxg2 g6 26. f4 Bxd4 27.
Bxd4 Qc6 28. Be5 Rc8 29. Bd4 1/2-1/2